000 00334nam a22001097a 4500
082 _a62.207 EST'U
100 _aUNITED NATIONS
_920028
245 _aESTABLISHMENT AND DEVELOPMENT OF AUTOMOTIVE INDUSTRIES IN DEVELOPING COUNTIRES PART-1 REPORT OF THE SEMINAR
260 _aNEWYORK
_bUNITED NATIONS
_c1970
300 _a123P
942 _cBK
999 _c584148
_d584148